Orquídeas a la luz de la luna: comedia mexicana
Furkejuvvon:
| Váldodahkki: | |
|---|---|
| Materiálatiipa: | Girji |
| Giella: | espánnjágiella |
| Almmustuhtton: |
Barcelona
Seix Barral
1982
|
| Ráidu: | Biblioteca Breve
|
| Fáttát: | |
| Fáddágilkorat: |
Lasit fáddágilkoriid
Eai fáddágilkorat, Lasit vuosttaš fáddágilkora!
|
MARC
| LEADER | 00000nam a2200000 a 4500 | ||
|---|---|---|---|
| 001 | UCT6475 | ||
| 003 | CL-VaPUC | ||
| 008 | 970113e19820000SP |||||||||||||||||spa|d | ||
| 082 | 0 | 4 | |a Me862 |b FUE |2 21 |
| 100 | |a Fuentes, Carlos |e autor |9 376676 | ||
| 245 | 1 | 0 | |a Orquídeas a la luz de la luna: comedia mexicana |
| 300 | |a 111 p | ||
| 942 | |c BK | ||
| 945 | |d 19970113 00:00:00 |a rbrito | ||
| 260 | |a Barcelona |b Seix Barral |c 1982 | ||
| 650 | 7 | |a DRAMAS MEXICANOS |2 CL-VaPUC |9 321775 | |
| 583 | |a last modification |c 19970113 00:00:00 |k Rodrigo Vera | ||
| 490 | 0 | |a Biblioteca Breve | |
| 999 | |c 255175 |d 255173 | ||
| 952 | |0 0 |1 0 |4 0 |6 ME_862_000000000000000_FUE_1982 |7 0 |8 A |9 277300 |a BIBEDU |b BIBEDU |d 2019-11-19 |i 3267253 |o Me862 FUE 1982 |p 3267253 |r 2019-11-19 |w 2019-11-19 |y BK |k LIT | ||